000 01395nam a2200337 i 4500
003 EG-GICUC
005 20260513141833.0
008 260513s2009 ua ||||fr|||| 00| 0 ara d
040 _a EG-GICUC
_bara
_c EG-GICUC
_d EG-GICUC
_erda
041 _aara
_hara
082 0 4 _221
_a343.317
_bإ ي . م
092 0 4 _221
099 _aLaw1 10 343.317 إ ي . م 1 ed - 2009
100 0 _aإيهاب عبدالمطلب
_eمؤلف.
245 1 2 _aالموسوعة الجنائية الحديثة فى البطلان فى ضوء الفقه والقضاء.
_nالجزء الثانى /
_cتأليف إيهاب عبدالمطلب.
250 _aالطبعة الأولى،
_b2009.
264 1 _aالقاهرة :
_bالمركز القومي للإصدارات القانونية،
_c2009.
300 _a707 صفحة ;
_c25 سم.
_bإيضاحيات، صور، مثيليات ؛
336 _2rda content
_atext
337 _2rda media
_aComputer
338 _2rda carrier
_aOnline Resource
500 _aإهداء من حسن على
504 _a. 240-220 ببليوجرافيا: صفحات.
546 _aالنص باللغة العربية
650 1 _aالقانون الجنائي
_2qrmak
650 1 _aبطلان الإجراءات الجنائية
_2qrmak
651 1 _2qrmak
856 4 0 _uhttps://fll.law.cu.edu.eg/fulltext/bks/B10-12082.pdf
905 _a54
942 _2ddc
_n0
_cBK
_e21
999 _c76758
_d76758